| 000 | 00380nam a2200169Ia 4500 | ||
|---|---|---|---|
| 008 | 210210b1909 xxu||||| |||| 00| 0 eng d | ||
| 041 | _aeng | ||
| 082 | _a444/158 | ||
| 100 | _aSOUVESTRE (E) | ||
| 245 | _aDavid le trappeur | ||
| 260 |
_aLondon _bMacmillan & Co. Ltd. _c1909 |
||
| 650 | _atrappeur | ||
| 650 | _ale | ||
| 650 | _aDavid | ||
| 690 | _aFrench | ||
| 906 | _a006353 | ||
| 999 |
_c129342 _d129342 |
||